El monstruo en el colchón y otros cuentos / (Record no. 19590)

MARC details
000 -LEADER
fixed length control field 02621cam a2200517 a 4500
001 - CONTROL NUMBER
control field sjds1071198
003 - CONTROL NUMBER IDENTIFIER
control field sjds
005 - DATE AND TIME OF LATEST TRANSACTION
control field 20180421143402.0
008 - FIXED-LENGTH DATA ELEMENTS--GENERAL INFORMATION
fixed length control field 110128s2011 txua b 000 1 eng
010 ## - LIBRARY OF CONGRESS CONTROL NUMBER
LC control number 2010054220
020 ## - INTERNATIONAL STANDARD BOOK NUMBER
International Standard Book Number 9781558856936 (pbk. : alk. paper)
020 ## - INTERNATIONAL STANDARD BOOK NUMBER
International Standard Book Number 1558856935 (pbk. : alk. paper)
035 ## - SYSTEM CONTROL NUMBER
System control number 474633
035 ## - SYSTEM CONTROL NUMBER
System control number (OCoLC)668198277
035 ## - SYSTEM CONTROL NUMBER
System control number 474633
040 ## - CATALOGING SOURCE
Original cataloging agency DLC
Transcribing agency DLC
Modifying agency BTCTA
-- BKX
-- JP3
-- IF9
-- YDXCP
-- QBX
-- IFA
-- UtOrBLW
041 1# - LANGUAGE CODE
Language code of text/sound track or separate title eng
-- spa
Language code of original eng
049 ## - LOCAL HOLDINGS (OCLC)
Holding library IFAA
099 ## - LOCAL FREE-TEXT CALL NUMBER (OCLC)
Classification number CHILDREN ESPANOL FICTION DE ANDA 2011
100 1# - MAIN ENTRY--PERSONAL NAME
Personal name De Anda, Diane,
Relator term author.
245 13 - TITLE STATEMENT
Title El monstruo en el colchón y otros cuentos /
Statement of responsibility, etc. Diane de Anda ; Spanish translation by Josué Gutiérrez-González = The monster in the mattress and other stories / Diane de Anda ; traducción al español de Josué Gutiérrez-González.
246 31 - VARYING FORM OF TITLE
Title proper/short title Monstruo en el colchón y otros cuentos
246 31 - VARYING FORM OF TITLE
Title proper/short title The monster in the mattress and other stories
260 ## - PUBLICATION, DISTRIBUTION, ETC. (IMPRINT)
Place of publication, distribution, etc. Houston, TX :
Name of publisher, distributor, etc. Piñata Books,
Date of publication, distribution, etc. 2011.
264 #1 - PRODUCTION, PUBLICATION, DISTRIBUTION, MANUFACTURE, AND COPYRIGHT NOTICE
Place of production, publication, distribution, manufacture Houston, TX :
Name of producer, publisher, distributor, manufacturer Piñata Books,
Date of production, publication, distribution, manufacture, or copyright notice 2011.
300 ## - PHYSICAL DESCRIPTION
Extent 48, 50 pages :
Other physical details illustrations ;
Dimensions 22 cm
336 ## - CONTENT TYPE
Content type term text
Content type code txt
Source rdacontent
337 ## - MEDIA TYPE
Media type term unmediated
Media type code n
Source rdamedia
338 ## - CARRIER TYPE
Carrier type term volume
Carrier type code nc
Source rdacarrier
500 ## - GENERAL NOTE
General note Translated from the English.
505 0# - FORMATTED CONTENTS NOTE
Formatted contents note Mario, the Magnificent = Mario, el magnífico -- Abuela's mystery : footprints in the flour = El misterioso caso de las extrañas huellas en la harina de Abuela -- The monster in the mattress = El monstruo en el colchón -- Mystery mouse = El misterio del ratón -- The witch on the wall = La bruja en la pared -- Counting kittens = Contando gatitos.
520 ## - SUMMARY, ETC.
Summary, etc. Presents six stories of children and their families facing everyday mysteries.
520 ## - SUMMARY, ETC.
Summary, etc. "Seis cuentos bilingues protagonizados por niños que tratan de resolver difíciles enigmas de la vida diaria." --From publisher's description.
526 0# - STUDY PROGRAM INFORMATION NOTE
Program name Accelerated Reader
Interest level MG
Reading level 4.7
Title point value 1.0
Public note 144862
546 ## - LANGUAGE NOTE
Language note Text in English and Spanish.
650 #0 - SUBJECT ADDED ENTRY--TOPICAL TERM
Topical term or geographic name as entry element Families
Form subdivision Juvenile fiction.
650 #0 - SUBJECT ADDED ENTRY--TOPICAL TERM
Topical term or geographic name as entry element Hispanic Americans
Form subdivision Juvenile fiction.
650 #0 - SUBJECT ADDED ENTRY--TOPICAL TERM
Topical term or geographic name as entry element Spanish language materials
General subdivision Bilingual
Form subdivision Juvenile literature.
650 #7 - SUBJECT ADDED ENTRY--TOPICAL TERM
Topical term or geographic name as entry element Familia
Form subdivision Novela juvenil.
Source of heading or term bidex
650 #7 - SUBJECT ADDED ENTRY--TOPICAL TERM
Topical term or geographic name as entry element Hispanoestadounidenses
Form subdivision Novela juvenil.
Source of heading or term bidex
650 #7 - SUBJECT ADDED ENTRY--TOPICAL TERM
Topical term or geographic name as entry element Materiales bilingües en español
Form subdivision Literatura juvenil.
Source of heading or term bidex
700 12 - ADDED ENTRY--PERSONAL NAME
Personal name De Anda, Diane.
Title of a work Monster in the mattress and other stories.
Language of a work Spanish.
700 12 - ADDED ENTRY--PERSONAL NAME
Personal name De Anda, Diane.
Title of a work Monster in the mattress and other stories.
Language of a work English.
700 1# - ADDED ENTRY--PERSONAL NAME
Personal name Gutierrez-Gonzalez, Josue.
942 ## - ADDED ENTRY ELEMENTS (KOHA)
Koha item type Libro/Book
Source of classification or shelving scheme Dewey Decimal Classification
Holdings
Withdrawn status Lost status Damaged status Not for loan Home library Current library Date acquired Inventory number Total Checkouts Barcode Date last seen Date checked out Price effective from Koha item type Checked out Full call number
        Genizero -- Satellite Genizero -- Satellite 28/03/2017 Inventory date: 7/7/25 1 35600830 02/06/2021 16/02/2021 28/03/2017 Libro/Book    
        Las Brisas 1 -- Satellite Las Brisas 1 -- Satellite 16/04/2018 Inventory date: 7/4/25   40001551 16/04/2018   16/04/2018 Libro/Book   JF
        Las Brisas 2 -- Satellite Las Brisas 2 -- Satellite 16/04/2018     40101503 16/04/2018   16/04/2018 Libro/Book    
        Monte Cristo -- Satellite San Juan Del Sur -- Biblioteca 16/04/2018 Checked out from 2023 - Jan 2025 2 40201514 05/01/2023 05/01/2023 16/04/2018 Libro/Book 09/02/2023  

Powered by Koha